[Event "11. Lovsprings EMT Mesterklassen 2000"]
[Site "Ringsted"]
[Date "2000.05.05"]
[Round "6"]
[White "Hovmoller, Kristian"]
[Black "Kronow, Jacob"]
[Result "1-0"]
[WhiteElo "2052"]
[BlackElo "2000"]
[PlyCount "83"]
[EventDate "2000.??.??"]

1. d4 Nf6 2. c4 e6 3. Nc3 Bb4 4. Qc2 O-O 5. a3 Bxc3+ 6. Qxc3 b5 7. cxb5 c6 8.
Bg5 cxb5 9. e3 Bb7 10. Nf3 h6 11. Bh4 a6 12. Bd3 Nc6 13. O-O Rc8 14. Qd2 g5 15.
Bg3 Na5 16. Qd1 Ne4 17. Bxe4 Bxe4 18. Bd6 Re8 19. Nd2 Bd3 20. Re1 Nb7 21. Bg3
d5 22. Qh5 Kg7 23. Rac1 Bg6 24. Qf3 Qe7 25. Nb3 Bc2 26. Nd2 Nd6 27. Qe2 Bg6 28.
Bxd6 Qxd6 29. Nb3 e5 30. Rxc8 Rxc8 31. Nc5 Re8 32. b4 e4 33. a4 Rb8 34. Ra1 f5
35. axb5 axb5 36. Ra6 Rb6 37. Ra7+ Bf7 38. Qh5 Qg6 39. Qxg6+ Kxg6 40. Nd7 Re6
41. Nf8+ Kf6 42. Nxe6 1-0

[Event "11. Lovsprings EMT Mesterklassen 2000"]
[Site "Ringsted"]
[Date "2000.05.05"]
[Round "6"]
[White "Jensen, Leif"]
[Black "Arnkilde, Anders"]
[Result "1-0"]
[WhiteElo "2138"]
[BlackElo "1985"]
[PlyCount "79"]
[EventDate "2000.??.??"]

1. e4 d5 2. Nc3 dxe4 3. Nxe4 Nf6 4. Ng3 c5 5. Nf3 Nc6 6. b3 g6 7. Bb2 Bg7 8.
Bb5 Bd7 9. O-O Nd4 10. Bc4 Bg4 11. Bxd4 cxd4 12. Bxf7+ Kxf7 13. Ne5+ Kg8 14.
Nxg4 h5 15. Nxf6+ exf6 16. c4 h4 17. Ne2 h3 18. g3 g5 19. d3 Qd7 20. f4 Re8 21.
Rf2 Re3 22. f5 Qd6 23. Qd2 Qe5 24. Raf1 Bf8 25. Qd1 Rh7 26. g4 Bd6 27. Ng3 Rh4
28. Ne4 Bc7 29. Kh1 Kf7 30. b4 Qe7 31. a3 a5 32. c5 axb4 33. axb4 Qd7 34. Rf3
Bf4 35. Rxe3 dxe3 36. Qe2 Qd5 37. Rb1 Rh8 38. b5 Ra8 39. Qf3 Qxd3 40. Nxg5+ 1-0

[Event "11. Lovsprings EMT Mesterklassen 2000"]
[Site "Ringsted"]
[Date "2000.05.05"]
[Round "6"]
[White "Madsen, Hans Henrik"]
[Black "Rasmussen, Bo"]
[Result "1/2-1/2"]
[WhiteElo "2062"]
[BlackElo "2046"]
[PlyCount "94"]
[EventDate "2000.??.??"]

1. e4 c6 2. d4 d5 3. Nc3 dxe4 4. Nxe4 Nd7 5. Bc4 Ngf6 6. Ng5 e6 7. N1f3 h6 8.
Nh3 g5 9. Nfg1 Nb6 10. Be2 c5 11. dxc5 Qxd1+ 12. Bxd1 Bxc5 13. f4 g4 14. Nf2 h5
15. Nd3 Be7 16. Be3 Nc4 17. Bd4 b6 18. Ne2 Bb7 19. Rg1 Rh7 20. c3 Ne4 21. Ba4+
Kf8 22. O-O-O Bc5 23. Bxc5+ bxc5 24. Ne5 Nb6 25. Bc6 Bxc6 26. Nxc6 f6 27. f5 e5
28. Rge1 Rc8 29. Rd8+ Rxd8 30. Nxd8 Ng5 31. Rd1 Rd7 32. Rxd7 Nxd7 33. a4 Ne4
34. Ng3 Nd6 35. Nxh5 Nxf5 36. b4 cxb4 37. cxb4 Ne3 38. b5 Nxg2 39. a5 f5 40.
Nc6 e4 41. Nd4 Nh4 42. Ng3 Nc5 43. b6 axb6 44. axb6 Ke7 45. Ngxf5+ Nxf5 46.
Nxf5+ Kd7 47. Ne3 Kc6 1/2-1/2

[Event "11. Lovsprings EMT Mesterklassen 2000"]
[Site "Ringsted"]
[Date "2000.05.05"]
[Round "6"]
[White "Nielsen, Torben"]
[Black "Krogh, Peter Ove"]
[Result "1-0"]
[WhiteElo "1930"]
[BlackElo "1971"]
[PlyCount "53"]
[EventDate "2000.??.??"]

1. d4 Nf6 2. c4 e6 3. Nc3 Bb4 4. Qc2 b6 5. Nf3 Bb7 6. e3 Ne4 7. Bd3 f5 8. a3
Bxc3+ 9. bxc3 O-O 10. Bb2 d6 11. Rd1 Nd7 12. a4 Kh8 13. d5 exd5 14. cxd5 Bxd5
15. c4 Bb7 16. Nd4 Ndc5 17. O-O Nxd3 18. Qxd3 Nc5 19. Qa3 Qg5 20. f3 Rae8 21.
Bc1 Qh5 22. Nb5 Qf7 23. Rd4 Qd7 24. a5 a6 25. Nc3 bxa5 26. Qxc5 Re5 27. Qxe5
1-0

[Event "11. Lovsprings EMT Mesterklassen 2000"]
[Site "Ringsted"]
[Date "2000.05.05"]
[Round "6"]
[White "Pedersen, Hans Dahl"]
[Black "Nielsen, Max"]
[Result "1/2-1/2"]
[WhiteElo "2104"]
[BlackElo "2208"]
[PlyCount "52"]
[EventDate "2000.??.??"]

1. c4 e5 2. g3 Nf6 3. Bg2 d5 4. cxd5 Nxd5 5. Nf3 Nc6 6. O-O Nb6 7. d3 Be7 8.
Nbd2 O-O 9. a3 Re8 10. b4 a6 11. Bb2 Bf8 12. Rc1 f6 13. Ne4 Be6 14. e3 Bd5 15.
Nc5 Bxc5 16. bxc5 Nd7 17. Ng5 Nf8 18. Nf3 Bf7 19. d4 e4 20. Nd2 Bd5 21. Qc2 Qe7
22. Nb1 f5 23. Qa4 Qf7 24. Nd2 h6 25. Rfd1 Nh7 26. Bf1 Ne7 1/2-1/2

[Event "11. Lovsprings EMT Mesterklassen 2000"]
[Site "Ringsted"]
[Date "2000.05.05"]
[Round "6"]
[White "Pedersen, Henrik Dahl"]
[Black "Frederiksen, Obert"]
[Result "1-0"]
[WhiteElo "2104"]
[BlackElo "1955"]
[PlyCount "165"]
[EventDate "2000.??.??"]

1. e4 c5 2. f4 Nc6 3. Nf3 e6 4. g3 d5 5. e5 h5 6. d3 Be7 7. c3 Nh6 8. Bg2 h4 9.
O-O hxg3 10. hxg3 Nf5 11. Qe1 Qb6 12. Na3 Qa6 13. c4 Nb4 14. g4 Nh4 15. Nxh4
Bxh4 16. Qe2 Bd7 17. g5 O-O-O 18. Be3 d4 19. Bd2 Qb6 20. Bxb4 Qxb4 21. Nb5 Bxb5
22. a3 Qb3 23. cxb5 Kb8 24. Rfc1 Bg3 25. Kf1 Rh4 26. Rxc5 Rxf4+ 27. Bf3 Rc8 28.
Rxc8+ Kxc8 29. Rc1+ Kd7 30. Kg2 Bh4 31. g6 fxg6 32. Qd2 Bg5 33. Qc2 Qxc2+ 34.
Rxc2 b6 35. Rc4 Bh4 36. Be4 Bf2 37. Bxg6 Be3 38. Be4 Rf2+ 39. Kg3 Rxb2 40. a4
g5 41. Kg4 Rb1 42. Rc6 Rg1+ 43. Kh5 Ra1 44. Bf3 g4 45. Kxg4 Rg1+ 46. Kh4 Bf4
47. Rd6+ Ke7 48. Bg4 Rh1+ 49. Bh3 Kf7 50. Rd7+ Kg6 51. Kg4 Bxe5 52. Bg2 Rg1 53.
Kf3 Kf6 54. Kf2 Rd1 55. Be4 Ra1 56. Rxa7 Bd6 57. Ke2 Bb4 58. Ra6 Ba5 59. Rxa5
bxa5 60. b6 Rb1 61. b7 Ke7 62. Kf3 Rf1+ 63. Ke2 Rf8 64. Kd2 Kd6 65. Kc2 e5 66.
Kb3 Kc7 67. Kc4 Rf1 68. Kb5 Rb1+ 69. Kxa5 Rxb7 70. Bxb7 Kxb7 71. Kb4 Kb6 72.
Kc4 Kc6 73. a5 Kd6 74. a6 Kc6 75. a7 Kb7 76. Kd5 Kxa7 77. Kxe5 Kb7 78. Kxd4 Kc6
79. Ke5 Kd7 80. Kd5 Kd8 81. Kd6 Ke8 82. d4 Kd8 83. d5 1-0

[Event "11. Lovsprings EMT Mesterklassen 2000"]
[Site "Ringsted"]
[Date "2000.05.05"]
[Round "6"]
[White "Preuss, Flemming"]
[Black "Flindt, Thomas"]
[Result "1-0"]
[WhiteElo "1910"]
[BlackElo "1979"]
[PlyCount "99"]
[EventDate "2000.??.??"]

1. g3 e5 2. Bg2 Bc5 3. c4 Nf6 4. Nc3 c6 5. Na4 Qe7 6. Nxc5 Qxc5 7. d3 e4 8. Be3
Qb4+ 9. Bd2 Qxb2 10. dxe4 Qd4 11. Nf3 Qxe4 12. O-O Qxc4 13. Rc1 Qxa2 14. Bb4 d5
15. Qd4 Na6 16. Ne5 Nxb4 17. Qxb4 Nd7 18. Nc4 dxc4 19. Qd6 Qb2 20. Rxc4 Qf6 21.
Re4+ Kd8 22. Qd2 Re8 23. Rf4 Qg6 24. Rd1 Ke7 25. Qb4+ c5 26. Rxd7+ Bxd7 27.
Qxc5+ Qd6 28. Rxf7+ Kxf7 29. Qxd6 Be6 30. Bxb7 Rad8 31. Qf4+ Kg8 32. Kg2 Re7
33. Bc6 a5 34. Qg5 Kf8 35. Qxa5 Rd1 36. h4 Bc4 37. Qf5+ Kg8 38. Qc8+ Kf7 39.
Qf5+ Kg8 40. e4 Rf7 41. Qc5 Rc1 42. Kh2 h5 43. f4 Rc2+ 44. Kg1 Bb3 45. Qd6 Rc1+
46. Kf2 Rc2+ 47. Ke3 Rc3+ 48. Kd4 Rxg3 49. f5 Bc2 50. Qxg3 1-0

[Event "11. Lovsprings EMT Mesterklassen 2000"]
[Site "Ringsted"]
[Date "2000.05.12"]
[Round "7"]
[White "Christensen, Henrik"]
[Black "Mortensen, Martin Lind"]
[Result "1/2-1/2"]
[WhiteElo "1870"]
[BlackElo "2008"]
[PlyCount "143"]
[EventDate "2000.??.??"]

1. d4 Nf6 2. Nf3 g6 3. b3 Bg7 4. Bb2 d5 5. e3 Bf5 6. Ne5 Nfd7 7. g4 Be6 8. Bd3
Nxe5 9. dxe5 Qc8 10. Be2 c5 11. f4 Nc6 12. Rg1 Bh6 13. Bf3 d4 14. Qe2 dxe3 15.
Bxc6+ Qxc6 16. Qxe3 O-O-O 17. c4 Rd7 18. Nc3 Rhd8 19. Rd1 Rxd1+ 20. Nxd1 b6 21.
Nf2 Kb8 22. Rg3 Qd7 23. Bc3 Bf8 24. h4 Bh6 25. Qe4 Qb7 26. Qe3 Qd7 27. Qe4 Qb7
28. Qxb7+ Kxb7 29. Rf3 Bd7 30. Bd2 Bc6 31. Rd3 Rxd3 32. Nxd3 Be4 33. Ke2 Kc6
34. Ke3 Bxd3 35. Kxd3 e6 36. Ke4 Kd7 37. Be1 Bf8 38. Bg3 Be7 39. h5 a6 40. hxg6
hxg6 41. Be1 Kc6 42. Bd2 Kd7 43. f5 exf5+ 44. gxf5 gxf5+ 45. Kxf5 a5 46. Bh6
Bh4 47. Bf8 Bd8 48. Bg7 Be7 49. Bf6 Bf8 50. Ke4 Bh6 51. Kd5 Bc1 52. Bg7 Bg5 53.
Bf8 Bd8 54. Bg7 Bg5 55. Ke4 Ke6 56. Bf8 f5+ 57. exf6 Bxf6 58. Bh6 Kd6 59. Kf5
Bd4 60. Bf8+ Kc6 61. a4 Bf2 62. Ke6 Bg3 63. Bg7 Bh2 64. Ke7 Bg3 65. Kd8 Bf4 66.
Ke7 Bg3 67. Ke6 Bh2 68. Be5 Bxe5 69. Kxe5 Kc7 70. Kd5 Kd7 71. Ke5 Ke7 72. Kf5
1/2-1/2

[Event "11. Lovsprings EMT Mesterklassen 2000"]
[Site "Ringsted"]
[Date "2000.05.12"]
[Round "7"]
[White "Flindt, Thomas"]
[Black "Jensen, Leif"]
[Result "1-0"]
[WhiteElo "1979"]
[BlackElo "2138"]
[PlyCount "49"]
[EventDate "2000.??.??"]

1. d4 d5 2. e4 dxe4 3. Nc3 e6 4. Nxe4 Bd7 5. Nf3 Bc6 6. Bd3 Bxe4 7. Bxe4 c6 8.
O-O Nf6 9. Re1 Nxe4 10. Rxe4 Bd6 11. Ng5 g6 12. Qf3 Qe7 13. Qh3 Kd7 14. c4 Na6
15. d5 cxd5 16. cxd5 Nc7 17. dxe6+ fxe6 18. Bf4 Bxf4 19. Rxf4 Qxg5 20. Rf7+ Kc8
21. Qc3 Qd8 22. Rxc7+ Kb8 23. Rc1 Re8 24. Qe5 Qd5 25. Rc8# 1-0

[Event "11. Lovsprings EMT Mesterklassen 2000"]
[Site "Ringsted"]
[Date "2000.05.12"]
[Round "7"]
[White "Frederiksen, Obert"]
[Black "Askgaard, Jens"]
[Result "1/2-1/2"]
[WhiteElo "1955"]
[BlackElo "2131"]
[PlyCount "174"]
[EventDate "2000.??.??"]

1. e4 e6 2. d4 d5 3. Nd2 c5 4. Ngf3 cxd4 5. Nxd4 Nc6 6. Bb5 Bd7 7. Bxc6 bxc6 8.
e5 Ne7 9. O-O c5 10. N4f3 Nc6 11. c3 Be7 12. Nb3 O-O 13. Be3 Qb6 14. Qe2 a5 15.
Rab1 a4 16. Nc1 Na5 17. b4 Nc4 18. Nd3 Nxe3 19. Qxe3 Bb5 20. bxc5 Qa5 21. Rb4
Bxd3 22. Qxd3 Qxc5 23. Rb7 Rfb8 24. Rfb1 Rxb7 25. Rxb7 Rc8 26. Qa6 Bf8 27. Qxa4
Qxc3 28. h3 Qc1+ 29. Kh2 Rc4 30. Qb3 Rc3 31. Qb2 Qf4+ 32. Kh1 Rc1+ 33. Ng1 Rf1
34. Rb8 Qxf2 35. Qxf2 Rxf2 36. a4 Ra2 37. Ra8 d4 38. Nf3 d3 39. Kh2 g6 40. Rd8
Rxa4 41. Rxd3 Re4 42. Rd8 Kg7 43. Rd7 h6 44. Rc7 Ba3 45. Rc2 g5 46. g3 Kg6 47.
g4 Bf8 48. Kg3 Bg7 49. Rc5 Re3 50. Kf2 Ra3 51. Rb5 h5 52. Rb4 Ra2+ 53. Kf1 h4
54. Rb5 Ra4 55. Ke2 Ra1 56. Kf2 Rh1 57. Kg2 Rd1 58. Kf2 Rh1 59. Kg2 Rc1 60. Rb2
Rc5 61. Re2 Rd5 62. Kf2 Bf8 63. Kg2 Ba3 64. Rc2 Bc5 65. Rc3 Bb4 66. Re3 Bd2 67.
Re4 Bc3 68. Re3 Rc5 69. Re2 f5 70. exf6 Kxf6 71. Rf2 Ke7 72. Rc2 Kf6 73. Rf2
Kg6 74. Rc2 Bb4 75. Rxc5 Bxc5 76. Ne5+ Kg7 77. Kf3 Bd6 78. Nc4 Bf4 79. Ke4 Kf6
80. Nb2 Ke7 81. Nd3 Bg3 82. Nc1 Kd6 83. Ne2 Be5 84. Ng1 Bf6 85. Nf3 Kc5 86. Ne5
Kb4 87. Nd7 Bg7 1/2-1/2

[Event "11. Lovsprings EMT Mesterklassen 2000"]
[Site "Ringsted"]
[Date "2000.05.12"]
[Round "7"]
[White "Haar, Bjarne"]
[Black "Nielsen, Torben"]
[Result "1-0"]
[WhiteElo "1986"]
[BlackElo "1930"]
[PlyCount "55"]
[EventDate "2000.??.??"]

1. d4 d5 2. Bf4 Nf6 3. e3 e6 4. Bd3 Be7 5. Nd2 Nbd7 6. Ngf3 O-O 7. O-O c5 8. c3
Re8 9. Ne5 Nxe5 10. dxe5 Nd7 11. Qh5 f5 12. Nf3 g6 13. Qh6 Bf8 14. Qh3 Bg7 15.
Qg3 c4 16. Bc2 Nc5 17. h4 Ne4 18. Qh2 h6 19. g4 a6 20. Qg2 Kf7 21. Kh1 g5 22.
Bh2 gxh4 23. gxf5 exf5 24. Rg1 Rg8 25. Qg6+ Kf8 26. Bxe4 fxe4 27. e6 Qe7 28.
Bd6 1-0

[Event "11. Lovsprings EMT Mesterklassen 2000"]
[Site "Ringsted"]
[Date "2000.05.12"]
[Round "7"]
[White "Hovmoller, Kristian"]
[Black "Pedersen, Hans Dahl"]
[Result "1/2-1/2"]
[WhiteElo "2052"]
[BlackElo "2104"]
[PlyCount "67"]
[EventDate "2000.??.??"]

1. d4 Nf6 2. c4 e6 3. Nc3 d5 4. Bg5 Nbd7 5. e3 c6 6. Nf3 Qa5 7. Nd2 Bb4 8. Qc2
O-O 9. Be2 e5 10. Nb3 Qc7 11. O-O exd4 12. Bf4 Bd6 13. Bxd6 Qxd6 14. Nxd4 dxc4
15. a4 Ne5 16. Rfd1 Qe7 17. Nb1 g6 18. Bxc4 c5 19. Nb5 Bf5 20. Qb3 Rad8 21.
N1c3 Nfg4 22. h3 Nxf2 23. Kxf2 Qh4+ 24. Kg1 Qxc4 25. Qxc4 Nxc4 26. e4 Be6 27.
Nxa7 Rxd1+ 28. Rxd1 Nxb2 29. Rb1 Ra8 30. Rxb2 Rxa7 31. Rb5 c4 32. Kf2 Kf8 33.
Ke3 Ke7 34. Kd4 1/2-1/2

[Event "11. Lovsprings EMT Mesterklassen 2000"]
[Site "Ringsted"]
[Date "2000.05.12"]
[Round "7"]
[White "Krogh, Peter Ove"]
[Black "Arnkilde, Anders"]
[Result "0-1"]
[WhiteElo "1971"]
[BlackElo "1985"]
[PlyCount "70"]
[EventDate "2000.??.??"]

1. c4 Nf6 2. Nc3 g6 3. e4 d6 4. d4 Bg7 5. Be2 O-O 6. Nf3 Nbd7 7. O-O e5 8. d5
Nc5 9. Bg5 a5 10. Nd2 h6 11. Be3 Bd7 12. b3 b6 13. a3 Ne8 14. b4 Nb7 15. Qc2 f5
16. f3 f4 17. Bf2 g5 18. g4 fxg3 19. hxg3 h5 20. Ra2 Bh3 21. Rc1 Bh6 22. Be3
Qf6 23. Kh2 g4 24. Bxh6 Qxh6 25. Qd3 h4 26. Rg1 Ng7 27. Nf1 hxg3+ 28. Kxg3 Bxf1
29. Bxf1 Rxf3+ 30. Qxf3 gxf3 31. Kxf3 Qc1 32. Nb5 Rf8+ 33. Kg2 Qe1 34. Re2 Qh4
35. Nxc7 Rf4 0-1

[Event "11. Lovsprings EMT Mesterklassen 2000"]
[Site "Ringsted"]
[Date "2000.05.12"]
[Round "7"]
[White "Madsen, Hans Henrik"]
[Black "Preuss, Flemming"]
[Result "1-0"]
[WhiteElo "2062"]
[BlackElo "1910"]
[PlyCount "89"]
[EventDate "2000.??.??"]

1. e4 g6 2. d4 Bg7 3. Nc3 c5 4. Nf3 cxd4 5. Nxd4 Nc6 6. Be3 Nf6 7. f3 O-O 8.
Qd2 d5 9. Nxc6 bxc6 10. Bh6 e5 11. Bxg7 Kxg7 12. Bd3 Rb8 13. Rb1 Be6 14. O-O
Nh5 15. Qf2 d4 16. Nd1 c5 17. Re1 c4 18. Bf1 Qc7 19. b3 g5 20. Nb2 c3 21. Nd3
Nf4 22. g3 Nxd3 23. Bxd3 a5 24. f4 f6 25. Rf1 Bh3 26. Rfe1 Bd7 27. a4 h6 28.
Kg2 Bc6 29. f5 Rh8 30. h4 Kf7 31. Qf3 Ke7 32. hxg5 hxg5 33. Rh1 Kd6 34. Qg4 Qg7
35. Rxh8 Rxh8 36. Rh1 Rxh1 37. Kxh1 Qd7 38. Kg2 Kc5 39. Qh3 Kb4 40. Kf2 Bxa4
41. bxa4 Qxa4 42. Qh8 Ka3 43. Qxf6 Kb2 44. Qxe5 Kc1 45. f6 1-0

[Event "11. Lovsprings EMT Mesterklassen 2000"]
[Site "Ringsted"]
[Date "2000.05.12"]
[Round "7"]
[White "Nielsen, Max"]
[Black "Jorgensen, Michael"]
[Result "1/2-1/2"]
[WhiteElo "2208"]
[BlackElo "2257"]
[PlyCount "30"]
[EventDate "2000.??.??"]

1. e4 e6 2. d4 d5 3. Nc3 Bb4 4. e5 c5 5. Qg4 Ne7 6. dxc5 Nbc6 7. Bd2 Ng6 8. f4
Bxc5 9. O-O-O Bd7 10. Bd3 Nb4 11. Bxg6 hxg6 12. Nf3 Rc8 13. a3 Nc6 14. h4 Rg8
15. h5 Ne7 1/2-1/2

[Event "11. Lovsprings EMT Mesterklassen 2000"]
[Site "Ringsted"]
[Date "2000.05.12"]
[Round "7"]
[White "Pedersen, Henrik Dahl"]
[Black "Bromann, Thorbjorn"]
[Result "1-0"]
[WhiteElo "2104"]
[BlackElo "2279"]
[PlyCount "59"]
[EventDate "2000.??.??"]

1. c4 e5 2. g3 Nf6 3. Bg2 d5 4. cxd5 Nxd5 5. Nf3 Nc6 6. O-O Nb6 7. d3 Be7 8.
Nbd2 Be6 9. a3 g5 10. b4 g4 11. Ne1 Qd7 12. Bb2 f6 13. e3 h5 14. Qc2 h4 15. b5
Nd8 16. d4 exd4 17. Bxd4 Qxb5 18. Qg6+ Nf7 19. Bxb7 Bf5 20. Bc6+ Qxc6 21. Qxf5
Ng5 22. Ng2 Kf7 23. Rfc1 Qb7 24. e4 hxg3 25. fxg3 Rad8 26. Be3 Rxd2 27. Bxg5
Re2 28. Be3 Bd6 29. Rf1 Be7 30. Nf4 1-0

[Event "11. Lovsprings EMT Mesterklassen 2000"]
[Site "Ringsted"]
[Date "2000.05.12"]
[Round "7"]
[White "Rasmussen, Bo"]
[Black "Kronow, Jacob"]
[Result "1-0"]
[WhiteElo "2046"]
[BlackElo "2000"]
[PlyCount "75"]
[EventDate "2000.??.??"]

1. d4 Nf6 2. Nf3 d6 3. g3 g6 4. Bg2 Bg7 5. O-O O-O 6. Nc3 c6 7. e4 Nbd7 8. h3
e5 9. dxe5 dxe5 10. Be3 Re8 11. Qd2 Qc7 12. Ne1 Nh5 13. Nd3 Nb6 14. b3 f5 15.
Bh6 f4 16. Bxg7 Qxg7 17. gxf4 exf4 18. Ne2 g5 19. Kh2 Nf6 20. f3 h5 21. Rg1 Kh7
22. Bf1 Qh6 23. Nexf4 gxf4 24. Nxf4 Rf8 25. Bd3 Ng4+ 26. hxg4 Qxf4+ 27. Qxf4
Rxf4 28. Kg3 Rf8 29. Rh1 Kg7 30. Rxh5 Nd7 31. Rah1 Nf6 32. Rg5+ Kf7 33. e5 Nd5
34. f4 Ke8 35. Bg6+ Kd8 36. f5 Ne3 37. e6 Nxc2 38. Rh7 1-0